प्रतिनायक / (Record no. 114117)

MARC details
000 -LEADER
fixed length control field 00875nam a22002537a 4500
005 - DATE AND TIME OF LATEST TRANSACTION
control field 20170124103003.0
010 ## - LIBRARY OF CONGRESS CONTROL NUMBER
LC control number 964091
020 ## - INTERNATIONAL STANDARD BOOK NUMBER
Terms of availability 10.00
035 ## - SYSTEM CONTROL NUMBER
System control number 964091
037 ## - SOURCE OF ACQUISITION
Source of stock number/acquisition Cen Lib/Ret
040 ## - CATALOGING SOURCE
Original cataloging agency DPL
Language of cataloging HN
082 ## - DEWEY DECIMAL CLASSIFICATION NUMBER
Classification number
Item number अनामि
100 ## - MAIN ENTRY--PERSONAL NAME
Personal name अनामिका
9 (RLIN) 55410
245 ## - TITLE STATEMENT
Title प्रतिनायक /
Statement of responsibility, etc अनामिका
246 ## - VARYING FORM OF TITLE
Title proper/short title Pratinayak /
Remainder of title by Anamika
260 ## - PUBLICATION, DISTRIBUTION, ETC. (IMPRINT)
Place of publication, distribution, etc पटना
Name of publisher, distributor, etc बिहार ग्रथ कुटीर
Date of publication, distribution, etc 1979
270 ## - ADDRESS
Address खजांची रोड
City पटना
300 ## - PHYSICAL DESCRIPTION
Extent 64पृ.
Dimensions 20सेमी(सजिल्द )
650 ## - SUBJECT ADDED ENTRY--TOPICAL TERM
Topical term or geographic name as entry element हिंदी साहित्य
General subdivision
Geographic subdivision
9 (RLIN) 55411
650 ## - SUBJECT ADDED ENTRY--TOPICAL TERM
Topical term or geographic name as entry element हिंदी कहानियां
9 (RLIN) 2082
650 ## - SUBJECT ADDED ENTRY--TOPICAL TERM
Topical term or geographic name as entry element Hindi literature
Form subdivision
9 (RLIN) 55412
650 ## - SUBJECT ADDED ENTRY--TOPICAL TERM
Topical term or geographic name as entry element Hindi Stories
9 (RLIN) 55413
942 ## - ADDED ENTRY ELEMENTS (KOHA)
Source of classification or shelving scheme Dewey Decimal Classification
Koha item type Hindi Books
Classification part
Call number suffix अनामि
Holdings
Withdrawn status Lost status Damaged status Not for loan Home library Current library Date acquired Source of acquisition Cost, normal purchase price Total Checkouts Full call number Barcode Date last seen Copy number Cost, replacement price Price effective from Koha item type Public note
Written off       Central Library Central Library 14/08/2015 Cen Lib/Ret 10.00   क अनामि 964091 14/08/2015 1 10.00 14/08/2015 Hindi Books Written off on approval by DLB (By Circulation); dtd 20.12.2022

© Delhi Public Library
Hit Counter
free hit counter